[Event "Panevezys Elite Open 2019"]
[Site "Panevezys"]
[Date "2019.06.30"]
[Round "9.11"]
[White "Sinitsina, Anastassia"]
[Black "Harshita Guddanti"]
[Result "*"]
[WhiteElo "2095"]
[BlackElo "2072"]
[Annotator "NA"]
[PlyCount "22"]
[EventDate "2019.06.24"]
[EventType "swiss"]
[EventCountry "LTU"]
[SourceTitle "playchess.com"]
[Source "ChessBase"]
[SourceQuality "1"]
[TimeControl "40/5400+30:1800+30"]

1. Nf3 {[%emt 0:00:00]} Nf6 {[%emt 0:00:15]} 2. g3 {[%emt 0:00:10]} d5 {[%emt 0:00:19]} 3. c4 {[%emt 0:01:17]} e6 {[%emt 0:03:26]} 4. Bg2 {[%emt 0:00:33]} Be7 {[%emt 0:00:28]} 5. O-O {[%emt 0:00:59]} O-O {[%emt 0:00:12]} 6. Qc2 {[%emt 0:01:07]} c5 {[%emt 0:05:27]} 7. d3 {[%emt 0:04:57]} Nc6 {[%emt 0:03:19]} 8. a3 {[%emt 0:01:31]} d4 {[%emt 0:04:01]} 9. e3 {[%emt 0:03:06]} e5 {[%emt 0:01:31]} 10. exd4 {[%emt 0:00:12]} exd4 {[%emt 0:00:45]} 11. Re1 {[%emt 0:07:15]} h6 {[%emt 0:04:01]} *

[Event "Panevezys Elite Open 2019"]
[Site "Panevezys"]
[Date "2019.06.30"]
[Round "9.13"]
[White "Zaura, Vidmantas"]
[Black "Cholleti Sahajasri"]
[Result "*"]
[WhiteElo "2223"]
[BlackElo "2207"]
[Annotator "ChessBase"]
[PlyCount "24"]
[EventDate "2019.06.24"]
[EventType "swiss"]
[EventCountry "LTU"]
[SourceTitle "playchess.com"]
[Source "ChessBase"]
[SourceQuality "1"]
[TimeControl "40/5400+30:1800+30"]

1. Nf3 {[%emt 0:00:00]} c5 {[%emt 0:04:00]} 2. c4 {[%emt 0:01:45]} Nc6 {[%emt 0:00:43]} 3. Nc3 {[%emt 0:00:08]} g6 {[%emt 0:00:09]} 4. g3 {[%emt 0:00:06]} Bg7 {[%emt 0:00:18]} 5. Bg2 {[%emt 0:00:08]} e6 {[%emt 0:00:24]} 6. e3 {[%emt 0:00:47]} Nge7 {[%emt 0:00:59]} 7. d4 {[%emt 0:00:16]} cxd4 {[%emt 0:02:29]} 8. exd4 {[%emt 0:00:23]} d5 {[%emt 0:00:06]} 9. O-O {[%emt 0:02:24]} O-O {[%emt 0:02:18]} 10. cxd5 {[%emt 0:10:09]} exd5 {[%emt 0:00:47]} 11. Qb3 {[%emt 0:00:13]} Bg4 {[%emt 0:07:40]} 12. Be3 {[%emt 0:06:19]} Qd7 {[%emt 0:02:11]} *